|
|
|
|
| LEADER |
01171nam a22002537a 4500 |
| 001 |
31881 |
| 003 |
BD-DhAAL |
| 005 |
20230330112429.0 |
| 008 |
171112s2004 bg ||||| |||| 00| 0 ben d |
| 040 |
|
|
|a BD-DhAAL
|c BD-DhAAL
|
| 041 |
|
|
|a ben
|
| 082 |
|
|
|a 891.44
|
| 100 |
|
|
|a ঠাকুর, রবীন্দ্রনাথ
|9 18883
|
| 245 |
|
|
|a দুই বোন /
|c রবীন্দ্রনাথ ঠাকুর
|
| 260 |
|
|
|a ঢাকা :
|b রহমান বুকস,
|c ২০১৪
|
| 300 |
|
|
|a ৪৩ পৃষ্ঠা ;
|c ২১ সে.মি.
|
| 526 |
|
|
|a AAL
|
| 541 |
|
|
|e 31881 & 31882
|a রকমারী
|
| 650 |
|
|
|a Bengali literature.
|9 23746
|
| 852 |
|
|
|a Ayesha Abed Libray
|c General Shelf
|
| 942 |
|
|
|2 ddc
|c BK
|
| 999 |
|
|
|c 38221
|d 38221
|
| 952 |
|
|
|0 0
|1 0
|2 ddc
|4 0
|6 891_440000000000000_TAG
|7 0
|9 60938
|a BRACUL
|b BRACUL
|c GEN
|d 2017-07-23
|e রকমারী
|g 72.00
|l 14
|m 27
|o 891.44 TAG
|p 3010031881
|r 2025-05-06
|s 2025-05-04
|t 1
|v 72.00
|w 2017-07-23
|y BK
|
| 952 |
|
|
|0 0
|1 0
|2 ddc
|4 0
|6 891_440000000000000_TAG
|7 0
|9 60939
|a BRACUL
|b BRACUL
|c GEN
|d 2017-07-23
|e রকমারী
|g 72.00
|l 11
|m 64
|o 891.44 TAG
|p 3010031882
|q 2026-05-19
|r 2026-05-05
|s 2026-05-05
|t 2
|v 72.00
|w 2017-07-23
|y BK
|